1291 1994 1047 1385 1104 1221 1379 1161 1894 1917 1668 1101 1305 1540 1344 1726 1119 1897 1062 1934 1366 1313 1727 1395 1691 1493 1933 1812 1024 1236 1825 1004 1681 1110 1182 1910 1197 1293 1698 1544 1000 1747 1631 1170 1909 1024 1368 1677 1931 1793 1830 1661 1926 1952 1642 1011 1531 1575 1316 1819 1152 1958 1873 1570 1420 1916 1064 1277 1530 1613 1723 1815 1382 1417 1134 1923 1078 1807 1514 1755 1739 1184 1247 1793 1690 1950 1029 1668 1153 1109 1321 1574 1912 1351 1758 1359 1776 1299 1005 BCNSPRNW ULIB Ver.6.0+V

เปลี่ยนเป็นภาษาไทย

Change to English
 แสดงรายละเอียดบรรณานุกรม
  กลับหน้าหลัก

Brief Record : Get Marc (ISO 2709) : E-mail record : QR code < ปิดหน้าต่าง
LEADER : 00000nam 2200000uu 4500
001    13399122088
003     ULIB
008    121225s2555||||th 000 0 tha d
020    9786162079344
060  4 WS113^bส786ป
100 0  สุธีรา เอื้อไพโรจน์กิจ
245 00 ป้องกัน 25 โรคฮิตให้ลูก^cสุธีรา เอื้อไพโรจน์กิจ
260    กรุงเทพฯ:^bอมรินทร์สุขภาพ,^c2555
300    132 หน้า
650  4 กุมารเวชศาสตร์
650  4 โรคเด็ก
945    ^p145^l0^i033343
945    ^p145^l0^i033344
995    เกษร
999    ^aใช้งานได้ทุกระบบ
รายการนี้ยังไม่มีแท็ก
คุณยังไม่ได้ล็อกอิน คุณสามารถมีกิจกรรมร่วมกับเว็บไซต์ได้ แต่ต้องล็อกอินก่อน ::
  ล็อกอิน

รายการสื่อสารสนเทศ

ลำดับที่ ประเภท เลขเรียก/บาร์โค้ด สถานที่ สถานะ
1. วิทยาศาสตร์การแพทย์ และสุขภาพ
วิทยาศาสตร์การแพทย์ และสุขภาพ
WS113 ส786ป ฉ.1 
  Barcode: 033343
ห้องสมุดวิทยาเขตสวรรค์ประชารักษ์
►ส่วนจัดเก็บหนังสือเก่า สปร
บนชั้น
  ขอยืม
2. วิทยาศาสตร์การแพทย์ และสุขภาพ
วิทยาศาสตร์การแพทย์ และสุขภาพ
WS113 ส786ป ฉ.2 
  Barcode: 033344
ห้องสมุดวิทยาเขตสวรรค์ประชารักษ์
►ส่วนจัดเก็บหนังสือเก่า สปร
บนชั้น
  ขอยืม

รายการใกล้เคียง
    หัวเรื่อง [กุมารเวชศาสตร์]
    หัวเรื่อง [โรคเด็ก]

BibComment


ยังไม่เคยถูกคอมเมนท์

คอมเมนท์ทรัพยากรรายการนี้
  คอมเมนท์: ป้องกัน 25 โรคฮิต..


 Copyright 2026. Bcnsprnw @Library